000 00552nam a2200169Ia 4500
003 GCL
008 140319s9999 xx 000 0 ara d
040 _aGCL /
_cGCL
082 0 4 _a407
_bح ل
100 1 _aحسن ظاظا
245 1 0 _aاللسان والانسان: مدخل الى معرفة اللغة /
_cحسن ظاظا
260 _a[S.N] :
_bلجنة الاعلام والدراسات المستقبلية ،
_c1971
300 _a257 ص
490 _aمكتبة الدراسات اللغوية
_v0
650 0 4 _aتاريخ
942 _2ddc
_cBK
999 _c32309
_d32309